Prosser and Keeton on the law of torts /

Bibliographic Details
Other Authors: Keeton, Page, Prosser, William L. (William Lloyd), 1898-1972
Format: Book
Language:English
Published: St. Paul, Minn. : West Pub. Co., 1984.
Edition:5th ed.
Series:Hornbook series.
Subjects:

MARC

Tag First Indicator Second Indicator Subfields
LEADER 00000pam a2200000 a 4500
001 in00000543733
005 20151013165411.0
008 830914s1984 mnu 00100 eng
010 |a  83019830  
020 |a 0314748806 
035 |a (OCoLC)09971374 
035 |9 ACH0107AM 
039 0 |a 2  |b 3  |c 3  |d 3  |e 3 
040 |a DLC  |c DLC  |d TXA  |d UtOrBLW 
043 |a n-us--- 
049 |a TXAM  |c [777622] 
050 0 0 |a KF1250  |b .P73 1984 
082 0 |a 346.7303  |a 347.3063  |2 19 
245 0 0 |a Prosser and Keeton on the law of torts /  |c W. Page Keeton, general editor ; W. Page Keeton [and others]. 
250 |a 5th ed. 
264 1 |a St. Paul, Minn. :  |b West Pub. Co.,  |c 1984. 
300 |a xxxi, 1286 pages ;  |c 26 cm. 
336 |a text  |b txt  |2 rdacontent 
337 |a unmediated  |b n  |2 rdamedia 
338 |a volume  |b nc  |2 rdacarrier 
490 1 |a Hornbook series 
500 |a Revised edition of: Handbook of the law of torts / William L. Prosser. 4th edition 1971. 
500 |a Cover title: Prosser and Keeton on Torts. 
500 |a Spine title: Torts 5th edition. 
500 |a Includes index. 
500 |a Student edition 
500 |a Kept up to date by pocket parts. 
650 0 |a Torts  |z United States. 
700 1 |a Keeton, Page. 
700 1 |a Prosser, William L.  |q (William Lloyd),  |d 1898-1972.  |t Handbook of the law of torts. 
740 0 |a Prosser and Keeton on torts. 
740 0 |a Torts 5th ed. 
830 0 |a Hornbook series. 
999 |a MARS 
999 f f |s e5bb26c0-306d-36bc-9add-fc12bf9fb8e7  |i 25be14aa-8e8b-394e-a913-5d1176805cc0  |t 0 
952 f f |p normal  |a Texas A&M University  |b College Station  |c Sterling C. Evans Library  |s Evans stk  |d Evans: Library Stacks  |t 0  |e KF1250 .P73 1984  |h Library of Congress classification  |i unmediated -- volume  |m A14807422844 
998 f f |a KF1250 .P73 1984  |t 0  |l Evans: Library Stacks